[Event "Munich op9293"]
[Site "Munich"]
[Date "1993.??.??"]
[Round "4"]
[White "Maiwald, Jens Uwe"]
[Black "Wagner, Anselm"]
[Result "1-0"]
[WhiteElo "2375"]
[BlackElo "2310"]

1.Nf3 Nf6 2.c4 g6 3.d4 Bg7 4.g3 O-O 5.Bg2 d6 6.O-O Nc6 7.Nc3 a6 8.h3 Rb8
9.Bg5 h6 10.Be3 b5 11.Nd2 Bd7 12.Rc1 e6 13.b3 Ne7 14.g4 h5 15.f3 Bc6 16.Qc2 hxg4
17.hxg4 Nd7 18.Bf2 f5 19.e3 fxg4 20.fxg4 Bxg2 21.Kxg2 Nf6 22.Bh4 d5 23.Bxf6 Bxf6
24.cxb5 axb5 25.Ne2 Bg5 26.Qd3 Rxf1 27.Rxf1 e5 28.dxe5 Qd7 29.Kh3 c5 30.Nf3 c4
31.bxc4 bxc4 32.Qa3 Rf8 33.Ned4 Nc6 34.Nxc6 Qxc6 35.Qxf8+  1-0

[Event "Munich op9293"]
[Site "Munich"]
[Date "1993.??.??"]
[Round "5"]
[White "Siegel, Georg"]
[Black "Pavlovic, Milos"]
[Result "0-1"]
[WhiteElo "2285"]
[BlackElo "2450"]

1.d4 Nf6 2.Nf3 g6 3.c4 Bg7 4.g3 O-O 5.Bg2 d6 6.O-O Nc6 7.d5 Na5 8.Qa4 c5
9.Bd2 b6 10.Bc3 Bd7 11.Qc2 b5 12.cxb5 Bxb5 13.Na3 Qb6 14.Rad1 Rab8 15.Rfe1 Bd7
16.e4 Bg4 17.Qa4 Nb7 18.e5 Bd7 19.Qh4 dxe5 20.Nc4 Qa6 21.Ncxe5 Nd6 22.g4 Bb5
23.Nc6 Bxc6 24.dxc6 Nb5 25.Be5 Rbc8 26.g5 Nh5 27.Bxg7 Nxg7 28.Qc4 Rxc6 29.Ne5 Nd6
30.Qd5 Rc7 31.Nc6 Ndf5 32.Rc1 Nh5 33.Rxc5 Nf4 34.Qc4 Qxc4 35.Rxc4 Nxg2 36.Kxg2 Rd8
37.Re2 Rd5 38.h4 Kg7 39.Rec2 Rcd7 40.Ra4 Rc7 41.Kh3 Rd3+ 42.Kg4 Rd6 43.Rac4 h5+
44.gxh6+ Nxh6+ 45.Kf4 Rf6+ 46.Kg3 Nf5+ 47.Kg4 Re6 48.b3 Rd7 49.Kh3 Re1 50.Kg2 e5
51.Ra4 e4 52.Rxa7 Rdd1 53.Ne5 Rg1+ 54.Kh3 Rh1+ 55.Kg4  0-1

[Event "Munich op9293"]
[Site "Munich"]
[Date "1993.??.??"]
[Round "5"]
[White "Kabatianski, Alexandr"]
[Black "Landenbergue, Claude"]
[Result "1/2-1/2"]
[WhiteElo "2275"]
[BlackElo "2390"]

1.d4 Nf6 2.Nf3 g6 3.c4 Bg7 4.g3 O-O 5.Bg2 d6 6.O-O Nbd7 7.Nc3 e5 8.e4 exd4
9.Nxd4 Re8 10.h3 a6 11.Re1 Rb8 12.b3 c5 13.Nc2 b5 14.Qxd6 Rb6 15.Qd1 Rbe6
16.Bf4 Nh5 17.Bd2 Ne5 18.Rb1 bxc4 19.Nd5 cxb3 20.axb3 Bd7 21.Bc3 Bb5 22.Qd2 Nf6
23.Re3 c4 24.Nd4 Rd6 25.Nxb5 axb5 26.Qa2 h5 27.Qa1 Nd3 28.Nxf6+ Bxf6 29.bxc4 Bg5
30.Re2 bxc4 31.e5 Rde6 32.Qa4 h4 33.Qxc4 hxg3 34.fxg3 Nxe5 35.Bxe5 Rxe5 36.Rxe5 Rxe5
37.Rf1 Rf5 38.Rxf5 gxf5 39.Bd5 Qf6 40.Bf3  1/2-1/2

[Event "Munich op9293"]
[Site "Munich"]
[Date "1993.??.??"]
[Round "5"]
[White "Maiwald, Jens Uwe"]
[Black "Volke, Karsten"]
[Result "1/2-1/2"]
[WhiteElo "2375"]
[BlackElo "2460"]

1.d4 Nf6 2.c4 g6 3.Nf3 Bg7 4.g3 O-O 5.Bg2 d6 6.O-O Nbd7 7.Qc2 e5 8.Rd1 Re8
9.e4 exd4 10.Nxd4 a6 11.h3 Qe7 12.Nc3 Nb6 13.b3 Bd7 14.Bb2 c5 15.Nde2 Bc6
16.f3 Rab8 17.Qd2 Nc8 18.a4 b5 19.axb5 axb5 20.cxb5 Bxb5 21.Nxb5 Rxb5 22.Ra3 Qb7
23.Qc2 Rb6 24.Kh2 Na7 25.f4 Qe7 26.Rda1 Nc6 27.Ra8 Nd4 28.Qc4 Rbb8 29.Rxb8 Rxb8
30.e5 Ne8 31.Rf1 Qe6 32.Bc3 Qxc4 33.bxc4 Nc2 34.Bd5 Ne3 35.Rf3 Nd1 36.Ba1 Nc7
37.Ra3 dxe5 38.fxe5 Re8 39.Bc6 Re7 40.Ba4 Nf2 41.Re3 Ne6 42.Nc3 Ra7 43.Bb2 Bh6
44.Rf3 Ne4 45.Nxe4 Rxa4 46.Nf6+ Kg7 47.Rb3 g5 48.Rb8 Kg6 49.Nd5 Bf8 50.Rxf8 Nxf8
51.Ne7+ Kh6 52.Nf5+ Kg6 53.Ne7+  1/2-1/2

[Event "Munich op9293"]
[Site "Munich"]
[Date "1993.??.??"]
[Round "6"]
[White "Schlosser, Philipp"]
[Black "Mainka, Romuald"]
[Result "1/2-1/2"]
[WhiteElo "2500"]
[BlackElo "2550"]

1.Nf3 Nf6 2.c4 g6 3.d4 Bg7 4.g3 O-O 5.Bg2 d6 6.O-O c6 7.Nc3 Nbd7 8.e4 e5
9.b3 a6 10.Qc2 Re8 11.Rd1 Qc7 12.h3 b5 13.dxe5 dxe5 14.Be3 Bf8 15.Ne2 b4
16.c5 a5 17.Ne1 a4 18.Nd3 Qa5 19.bxa4 Qxa4 20.Qxa4 Rxa4 21.Rdb1 Ba6 22.Nec1 Bb5
23.Rb3  1/2-1/2

[Event "Munich op9293"]
[Site "Munich"]
[Date "1993.??.??"]
[Round "7"]
[White "Zysk, Robert"]
[Black "Wagner, Anselm"]
[Result "1/2-1/2"]
[WhiteElo "2440"]
[BlackElo "2310"]

1.d4 Nf6 2.Nf3 g6 3.c4 Bg7 4.g3 O-O 5.Bg2 d6 6.O-O Nc6 7.Nc3 a6 8.Bd2 Nd7
9.d5 Nce5 10.Nxe5 Nxe5 11.b3 Rb8 12.a4 c6 13.Rc1 cxd5 14.Nxd5 Be6 15.Be3 Bxd5
16.Qxd5 Nc6 17.Rfd1 Qc7 18.c5 Rfd8 19.Qc4 Rbc8 20.b4 dxc5 21.Qxc5 Rxd1+ 22.Rxd1 e5
23.Rc1 Bf8 24.Qc4 Qd7 25.h4 Ne7 26.Qb3 Rxc1+ 27.Bxc1 Nf5 28.e3 b5 29.axb5 axb5
30.Bb2 Bg7 31.h5 Ne7 32.hxg6 hxg6 33.Be4 Qd6 34.Bc3 Bf8 35.Qa2 Nc6 36.Qa6 Nxb4
37.Qxb5 f5 38.Bb7 e4 39.Qe8 Qd1+ 40.Kh2 Qh5+ 41.Kg1 Qd1+ 42.Kh2 Qh5+ 43.Kg1  1/2-1/2

[Event "Munich op9293"]
[Site "Munich"]
[Date "1993.??.??"]
[Round "7"]
[White "Maiwald, Jens Uwe"]
[Black "Groszpeter, Attila"]
[Result "1/2-1/2"]
[WhiteElo "2375"]
[BlackElo "2520"]

1.d4 Nf6 2.c4 g6 3.Nf3 Bg7 4.g3 O-O 5.Bg2 d6 6.O-O Nbd7 7.Qc2 e5 8.Rd1 Qe7
9.Nc3 c6 10.e4 Re8 11.d5 c5 12.Ne1 Nh5 13.Qe2 a6 14.Nd3 Nb6 15.b3 f5 16.Bd2 Qf7
17.Rab1 Bf8 18.Rf1 Bd7 19.a3 Rac8 20.a4 Na8 21.a5 f4 22.b4 Rc7 23.bxc5 g5
24.cxd6 Bxd6 25.Rfc1 Nf6 26.c5 Bxc5 27.Nxc5 Rxc5 28.Rxb7 Nc7 29.Rcb1 Rc8
30.R1b6 Rxa5 31.Qd1 Rc5 32.Bf1 Nce8 33.Qe1 Qh5 34.Rxa6 Bh3 35.d6 Rd8 36.Nb5 Bxf1
37.Qxf1 Nxe4 38.Ba5 Rd5 39.Kg2 Rd1 40.Qc4+ Kh8 41.Qxe4 f3+ 42.Qxf3 Rg1+ 43.Kxg1 Qxf3
44.Bxd8 Qxb7 45.Ra7 Qxb5 46.d7 Qb1+ 47.Kg2 Qe4+ 48.Kf1 Qh1+ 49.Ke2 Qe4+ 50.Kf1 Qh1+
51.Ke2 Qe4+  1/2-1/2

[Event "Munich op9293"]
[Site "Munich"]
[Date "1993.??.??"]
[Round "8"]
[White "Romanishin, Oleg M"]
[Black "Borriss, Martin"]
[Result "1/2-1/2"]
[WhiteElo "2555"]
[BlackElo "2375"]

1.d4 Nf6 2.Nf3 g6 3.g3 Bg7 4.Bg2 O-O 5.c4 d6 6.O-O c6 7.Nc3 Qa5 8.h3 Be6
9.d5 cxd5 10.Nd4 Bd7 11.cxd5 Rc8 12.e4 Na6 13.Nb3 Qb4 14.a3 Qc4 15.Nd2 Qd4
16.Nb3 Qxd1 17.Rxd1 Nc5 18.Nxc5 Rxc5 19.Be3 Rc7 20.Rac1 Ne8 21.Bf1 Kf8 22.g4 Rcc8
23.f3 Nc7 24.Kf2 Na6 25.Bxa6 bxa6 26.Bd4 Bh6 27.Be3 Bg7 28.Bd4 Bh6 29.Rb1 a5
30.b4 axb4 31.Rxb4 Rab8 32.Rbb1 Rxb1 33.Rxb1 a6 34.Ke2 Ke8 35.Kd3 Bf4 36.Rb6 Ra8
37.Rb7 Bg3 38.Rb1 f6 39.Ke3 g5 40.Kd3 h5 41.a4 h4 42.Kd2 Kd8 43.Rb4 Rc8 44.a5 Bf4+
45.Kd3 Bg3 46.Rb1 Ke8 47.Kd2 Bf4+ 48.Kd3 Bg3 49.Kd2 Bf4+ 50.Kd3  1/2-1/2

[Event "Munich op9293"]
[Site "Munich"]
[Date "1993.??.??"]
[Round "8"]
[White "Stangl, Markus"]
[Black "Mainka, Romuald"]
[Result "1/2-1/2"]
[WhiteElo "2475"]
[BlackElo "2550"]

1.Nf3 d6 2.d4 Nf6 3.c4 g6 4.g3 Bg7 5.Bg2 O-O 6.O-O c6 7.Nc3 Nbd7 8.e4 e5
9.h3 Qb6 10.d5 Nc5 11.Qe2 Qa6 12.Bg5 cxd5 13.Bxf6 Bxf6 14.Nxd5 Bd8 15.b4 Na4
16.Rac1 Nb6 17.Ne3 Be6 18.Rfd1 Be7 19.Rc3 Rac8 20.Rdc1 Qa4 21.a3 Rc7 22.Nd5 Bxd5
23.cxd5 Rxc3 24.Rxc3 a5 25.bxa5 Qxa5 26.Qc2 Na4 27.Rc7 Bd8 28.Rxb7 Nc5 29.Rb1 Qxa3
30.Nd2 Qa7 31.Nc4 Bc7 32.Rc1 f6 33.h4 Rb8 34.Rb1 Rxb1+ 35.Qxb1 Qa4 36.Ne3 Qb3
37.Qc1 Qa2 38.Ng4 Bd8 39.Qd1 Qb2 40.Qf3 Kg7 41.h5 Qb1+ 42.Kh2 f5 43.exf5 Qxf5
44.hxg6 hxg6 45.Qxf5 gxf5 46.Ne3 Kf6 47.Bh3 f4 48.gxf4  1/2-1/2

[Event "Naantali op"]
[Site "Naantali"]
[Date "1993.??.??"]
[Round "?"]
[White "Kekki, Petri"]
[Black "Kanko, Ilkka"]
[Result "1-0"]
[WhiteElo "2295"]
[BlackElo "2330"]

1.d4 Nf6 2.Nf3 g6 3.g3 Bg7 4.Bg2 O-O 5.c4 d6 6.O-O Nbd7 7.Nc3 e5 8.e4 exd4
9.Nxd4 Re8 10.h3 a6 11.Re1 Nb6 12.b3 d5 13.cxd5 Nfxd5 14.exd5 Rxe1+ 15.Qxe1 Bxd4
16.Be3 Bg7 17.Rd1 Bd7 18.Ne4 h6 19.Qd2 Kh7 20.Bd4 f5 21.Bxg7 Kxg7 22.Nc5 Qf6
23.Nxb7 Re8 24.Rc1 Re7 25.Rxc7 Qe5 26.d6 Qe1+ 27.Qxe1 Rxe1+ 28.Bf1 Kf6 29.Kg2 f4
30.gxf4 Bf5 31.Bc4 Nxc4 32.bxc4 Rd1 33.c5 Be4+ 34.f3 Rd2+ 35.Kg3 Bxb7 36.Rxb7 Rxa2
37.d7  1-0

[Event "Nabereznye Chelny"]
[Site "Nabereznye Chelny"]
[Date "1993.??.??"]
[Round "?"]
[White "Galliamova, Alisa"]
[Black "Muhamedzjanov, Nail"]
[Result "1-0"]
[WhiteElo "2445"]
[BlackElo "2335"]

1.d4 Nf6 2.c4 g6 3.Nf3 Bg7 4.g3 O-O 5.Bg2 d6 6.O-O c6 7.Nc3 Bg4 8.h3 Bxf3
9.Bxf3 Nbd7 10.Bg2 e5 11.e3 Qe7 12.b3 e4 13.Ba3 Rfe8 14.Rc1 h5 15.Qc2 a6
16.Rcd1 Nf8 17.f3 exf3 18.Rxf3 c5 19.Rdf1 N8d7 20.Kh2 Rf8 21.b4 b6 22.Rf4 Qxe3
23.Bc1 Qe6 24.Bxa8 Rxa8 25.bxc5 bxc5 26.dxc5 dxc5 27.Qg2 Rf8 28.Bb2 Rb8 29.Ba1 Ne5
30.Nd5 Nfd7 31.Re4 Kh8 32.Rfe1 Kg8 33.Qe2 f6 34.Nf4 Qf7 35.Rd1 Nc6 36.Nxg6 Qxg6
37.Rxd7 Nd4 38.Bxd4 cxd4 39.Ree7 Bf8 40.Qe6+ Kh8 41.Rh7+ Qxh7 42.Rxh7+ Kxh7
43.Qf7+ Bg7 44.Qxh5+ Bh6 45.Qf5+ Kh8 46.h4 Rb2+ 47.Kh3 Be3 48.c5  1-0

[Event "Nagykanizsa op"]
[Site "Nagykanizsa"]
[Date "1993.??.??"]
[Round "3"]
[White "Burmakin, Vladimir"]
[Black "Sotnikov, Igor"]
[Result "1/2-1/2"]
[WhiteElo "2460"]
[BlackElo "2285"]

1.d4 Nf6 2.Nf3 g6 3.c4 Bg7 4.g3 O-O 5.Bg2 d6 6.Nc3 Nc6 7.d5 Na5 8.Nd2 c5
9.dxc6 Nxc6 10.O-O Be6 11.Nd5 Rc8 12.Nb3 Nd7 13.Rb1 Nce5 14.Nd4 Bxd5 15.cxd5 Qb6
16.Nc2 Qa6 17.a3 Nc5 18.b3 Qb6 19.Bb2 a5 20.Bd4 Qa6 21.Ne3 a4 22.Bxc5 Rxc5
23.bxa4 Nc4 24.Nxc4 Rxc4 25.Rb4 Rc3 26.Bh3 Rxa3 27.Bd7 Ra2 28.Re4 Bf6 29.Qc1 Qa5
30.Bb5 Qd2 31.Qxd2 Rxd2 32.Rb1 Rxd5 33.Bd7 Rb8 34.Reb4 Rd2 35.Kf1 Bc3 36.Rxb7 Rxb7
37.Rxb7 Kg7 38.Bb5 Kf6 39.Kg2 d5 40.Ra7 Ra2 41.Rd7 d4 42.Ra7 Ra3 43.Bd3 Bb4
44.f4 Ke6 45.Bc4+ Kf6 46.Ra6+ Kg7 47.Bd3 Ra1 48.Ra7 f5 49.h3 Kf6 50.Ra6+ Kg7
51.Ra8 Bd2 52.Kh2 Ra3 53.Kg2 Ra1 54.Bc4 Rc1 55.Rg8+ Kf6 56.Rf8+ Kg7 57.Rf7+ Kh8
58.Bb5 Bb4 59.Rf8+ Kg7 60.Rd8 Bc3 61.Ra8 Ra1 62.Bc4 Bd2 63.Rg8+ Kf6 64.Rf8+ Kg7
65.Rf7+ Kh8 66.Bb5 Bb4 67.g4 Rc1 68.Rf8+ Kg7 69.Rd8 fxg4 70.hxg4 Bd6 71.a5 Rc5
72.a6 Rxb5 73.a7 Ra5 74.a8=Q Rxa8 75.Rxa8 Bxf4 76.Ra7 Kf7 77.Kf3 Be3 78.Ra6 h5
79.gxh5 gxh5 80.Ke4 h4  1/2-1/2

[Event "FRA-ch (Women)"]
[Site "Nantes"]
[Date "1993.??.??"]
[Round "2"]
[White "Mora, Virginie"]
[Black "Husson, Cybele"]
[Result "1-0"]
[WhiteElo "2165"]
[BlackElo "2000"]

1.d4 Nf6 2.c4 g6 3.g3 Bg7 4.Bg2 d6 5.Nf3 O-O 6.O-O Nbd7 7.Qc2 c6 8.Rd1 Qc7
9.Nc3 e5 10.b3 exd4 11.Nxd4 Nc5 12.Bf4 Rd8 13.Rac1 Qe7 14.Bxc6 bxc6 15.Nxc6 Qe6
16.Nxd8 Qh3 17.f3 Bf5 18.e4 Bd7 19.Bxd6 Nfxe4 20.Nxe4 Nxe4 21.Qxe4 Rxd8 22.Qh4 Qxh4
23.gxh4 Bh6 24.Rc3 Bc6 25.Kf2 Bg7 26.Rcd3 Re8 27.Bf4 Bf6 28.Bg5 Bxg5 29.hxg5 Re5
30.h4 a5 31.a4 Rf5 32.Rd5 Bxd5 33.Rxd5 Kf8 34.Rxf5 gxf5 35.b4 Ke7 36.Ke3  1-0

[Event "FRA-ch"]
[Site "Nantes"]
[Date "1993.??.??"]
[Round "7"]
[White "Bernard, Christophe"]
[Black "Etchegaray, Patrice"]
[Result "0-1"]
[WhiteElo "2385"]
[BlackElo "2410"]

1.d4 Nf6 2.c4 g6 3.Nf3 Bg7 4.g3 O-O 5.Bg2 d6 6.O-O c6 7.Nc3 Qa5 8.h3 Be6
9.Qd3 Qa6 10.b3 h6 11.Be3 Kh7 12.Qd2 d5 13.c5 b6 14.cxb6 axb6 15.Ne5 Qc8
16.Kh2 Nbd7 17.Rac1 Nb8 18.g4 Nfd7 19.Nd3 Nf6 20.Nf4 Bxg4 21.Ncxd5 Nxd5 22.Nxd5 Bf5
23.f4 Qd8 24.Nb4 Bd7 25.Nxc6 Nxc6 26.Bxc6 Bxc6 27.Rxc6 Ra5 28.Rf3 Rd5 29.Qb4 Bxd4
30.a4 Qd7 31.Rc4 Bf6 32.Bxb6 Rd2 33.Rf2 Ra2 34.e4 Rxf2+ 35.Bxf2 Qd3 36.e5 Qf3
37.Qe1 Bg7 38.Qe3 Qd1 39.Rd4 Qc2 40.Rd2 Qc1 41.Rd7 Qc2 42.Rd2 Qc1 43.a5 Rb8
44.Rd3 Qc6 45.Rc3 Qb5 46.Rc5 Qf1 47.Rc1 Qb5 48.Ra1 Qa6 49.Kg1 Bf8 50.Qc3 Rc8
51.Qd4 Rc2 52.b4 h5 53.Qd5 e6 54.b5 Qc8 55.Qd1 Qc4 56.Qd4 Qxb5 57.Qb6 Qd5
58.Qd4 Bc5 59.Qxd5 Bxf2+ 60.Kf1 exd5 61.Rd1 d4 62.a6 Ra2 63.a7 Be3  0-1

[Event "FRA-ch (Women)"]
[Site "Nantes"]
[Date "1993.??.??"]
[Round "8"]
[White "Mora, Virginie"]
[Black "Gatine, Aurelia"]
[Result "1-0"]
[WhiteElo "2165"]
[BlackElo "2070"]

1.d4 Nf6 2.c4 g6 3.g3 Bg7 4.Bg2 O-O 5.Nf3 d6 6.O-O c6 7.Qc2 Bf5 8.Qb3 Qc8
9.Rd1 a5 10.Nc3 Ne4 11.Na4 Nd7 12.Nh4 e5 13.Nxf5 gxf5 14.f3 Nef6 15.dxe5 dxe5
16.Bh3 b5 17.cxb5 cxb5 18.Qxb5 Qc2 19.Rd2 Qc7 20.Bxf5 Rab8 21.Rxd7 Qxc1+
22.Rxc1 Rxb5 23.Rdc7 Bh6 24.R1c6 Be3+ 25.Kh1 Nd5 26.Rd7 Nb4 27.Rcc7 Nd5 28.Rb7 Rxb7
29.Rxb7 Bd4 30.Bd3 Ne3 31.Rc7 Rb8 32.b3 Rd8 33.Nc3 Rd6 34.Nb5 Bb6 35.Rc8+ Rd8
36.Rc6 Bd4 37.Nxd4 exd4 38.Rc5 Kg7 39.h4  1-0

[Event "Maccabiah"]
[Site "Netanya"]
[Date "1993.??.??"]
[Round "5"]
[White "Fridman, Daniel"]
[Black "Maryasin, Boris"]
[Result "1-0"]
[WhiteElo "2425"]
[BlackElo "2380"]

1.Nf3 Nf6 2.c4 g6 3.d4 Bg7 4.g3 O-O 5.Bg2 d6 6.Nc3 Nc6 7.O-O a6 8.b3 Rb8
9.a4 e5 10.d5 Nd4 11.Ne1 Bd7 12.Bd2 b5 13.e3 Nf5 14.cxb5 axb5 15.Nc2 Ne7
16.e4 c6 17.dxc6 Bxc6 18.Nb4 Bd7 19.a5 Nc6 20.Nxc6 Bxc6 21.b4 Qd7 22.Be3 Ng4
23.Bb6 f5 24.exf5 Bxg2 25.Kxg2 gxf5 26.Qd5+ Kh8 27.Qxb5 Qc8 28.Nd5 f4 29.Ra3 f3+
30.Rxf3 Rxf3 31.Kxf3 Nxh2+ 32.Kg2 Nxf1 33.Kxf1 e4 34.a6 Qc1+ 35.Kg2 Qa3 36.Qe2 Be5
37.Be3 Qa4 38.a7 Ra8 39.Qc4 Qd7 40.Qxe4 Qb7 41.b5 Rg8 42.Bd4 Bxd4 43.Qxd4+ Rg7
44.b6 Kg8 45.Qe4 Kf8 46.Nf6  1-0

[Event "Nikolaev zt"]
[Site "Nikolaev"]
[Date "1993.??.??"]
[Round "?"]
[White "Borovikov, Vladislav"]
[Black "Golubev, Mihail"]
[Result "0-1"]
[WhiteElo "2385"]
[BlackElo "2495"]

1.d4 Nf6 2.Nf3 d6 3.c4 g6 4.g3 Bg7 5.Bg2 O-O 6.O-O Nbd7 7.Nc3 e5 8.h3 Re8
9.e4 exd4 10.Nxd4 a6 11.Be3 Rb8 12.Qc2 c5 13.Nde2 b5 14.Rad1 Qe7 15.cxb5 axb5
16.Nf4 Bb7 17.Nxb5 Bxe4 18.Bxe4 Nxe4 19.Nd5 Qe6 20.Nbc7 Qxh3 21.Nxe8 Rxe8
22.Rfe1 Qf5 23.Bg5 Bd4 24.Rxd4 cxd4 25.Ne7+ Rxe7 26.Bxe7 Ndc5 27.b4 d3 28.Qb2 d2
29.Rf1 Nd3 30.Qa3 Qd5 31.Qa7 h6 32.f3 Nxg3 33.Bf6 Ne2+ 34.Kg2 Ne1+ 35.Rxe1 Nf4+
36.Kh2 Qh5+  0-1

[Event "Nikolaev zt"]
[Site "Nikolaev"]
[Date "1993.??.??"]
[Round "?"]
[White "Borovikov, Vladislav"]
[Black "Tukmakov, Vladimir B"]
[Result "1-0"]
[WhiteElo "2385"]
[BlackElo "2605"]

1.d4 Nf6 2.Nf3 g6 3.c4 Bg7 4.g3 O-O 5.Bg2 d6 6.O-O Nbd7 7.Nc3 e5 8.h3 Re8
9.e4 exd4 10.Nxd4 a6 11.Be3 Ne5 12.b3 c5 13.Nde2 Rb8 14.f4 Nc6 15.Qd2 Qe7
16.Bf2 Be6 17.g4 Bxg4 18.hxg4 Nxg4 19.Bg3 f5 20.Rae1 Nd4 21.Bh3 h5 22.Bxg4 fxg4
23.Nxd4 Bxd4+ 24.Kg2 h4 25.Nd5 Qd8 26.Bxh4 Qxh4 27.Rh1 Qd8 28.f5 gxf5 29.Qh6 Qd7
30.Rh5 Rf8 31.Rg5+ Bg7 32.Rh1  1-0

[Event "Nis op"]
[Site "Nis"]
[Date "1993.??.??"]
[Round "?"]
[White "Ilic, Zoran"]
[Black "Dena, Branislav"]
[Result "1-0"]
[WhiteElo "2390"]
[BlackElo "2260"]

1.d4 Nf6 2.Nf3 g6 3.c4 Bg7 4.g3 d6 5.Bg2 O-O 6.O-O Nbd7 7.Nc3 e5 8.e4 c6
9.b3 Re8 10.h3 a5 11.Re1 h6 12.Rb1 Qc7 13.Be3 b6 14.Qd2 Kh7 15.a3 Bb7 16.Rec1 Rad8
17.d5 c5 18.Ne1 Ba6 19.Nd3 Rb8 20.Nb5 Bxb5 21.cxb5 Qd8 22.Nb2 Rf8 23.Nc4 Ne8
24.b4 axb4 25.axb4 Rc8 26.Ra1 cxb4 27.Ra6 Rb8 28.Qxb4 Nc5 29.Ra3 f5 30.f3 f4
31.gxf4 exf4 32.Bf2 Qg5 33.Qb1 Rf7 34.Kh1 Qe7 35.Rg1 Bf6 36.Bf1 Rg7 37.Rg4 h5
38.Rg1 Nd7 39.Ra7 Qd8 40.Qc1 g5 41.h4 Rc8 42.hxg5 Bxg5 43.Bh3 Rc7 44.Rxc7 Qxc7
45.Nxb6 Qxc1 46.Rxc1 Ne5 47.Bf5+ Kh6 48.Rc8 Nxf3 49.Rxe8 Bh4 50.Re6+ Kg5
51.Kg2 Bxf2 52.Kxf3 Bxb6 53.Rxd6 Be3 54.Ra6 Kh4 55.e5 Rg3+ 56.Ke4 Bc1 57.e6 f3
58.Ra1 Ba3 59.Rf1 Bc5 60.Rxf3 Rxf3 61.Kxf3 Kg5 62.Ke4 h4 63.Bh3  1-0

[Event "Nis op"]
[Site "Nis"]
[Date "1993.??.??"]
[Round "?"]
[White "Ilic, Zoran"]
[Black "Stanimirovic, Aleksandar"]
[Result "1-0"]
[WhiteElo "2390"]
[BlackElo "2320"]

1.d4 Nf6 2.Nf3 g6 3.c4 Bg7 4.g3 O-O 5.Bg2 d6 6.O-O Nbd7 7.Nc3 e5 8.e4 Re8
9.h3 exd4 10.Nxd4 Nc5 11.Re1 Bd7 12.Rb1 a5 13.b3 Qc8 14.Kh2 a4 15.b4 Ne6
16.Nde2 h6 17.f4 Nf8 18.Be3 h5 19.Qd2 Bc6 20.Qc2 Qe6 21.Nd4 Qd7 22.b5 Bxe4
23.Nxe4 d5 24.Nxf6+ Bxf6 25.Bf2 dxc4 26.Qxc4 Rxe1 27.Rxe1 Rd8 28.Nf3 a3 29.Ne5 Qe6
30.Qc2 Qd6 31.Qb3 Qe6 32.Nc4 Qd7 33.Bxb7 Rb8 34.Bc6  1-0

[Event "Nis op"]
[Site "Nis"]
[Date "1993.??.??"]
[Round "?"]
[White "Jakovljevic, Vlado"]
[Black "Ristic, Nenad"]
[Result "0-1"]
[WhiteElo "2290"]
[BlackElo "2400"]

1.Nf3 Nf6 2.c4 g6 3.d4 Bg7 4.g3 O-O 5.Bg2 d6 6.O-O Nbd7 7.Nc3 e5 8.e4 Re8
9.h3 exd4 10.Nxd4 Nc5 11.Re1 Bd7 12.Rb1 h6 13.b3 Qc8 14.Kh2 a5 15.Bb2 a4
16.b4 Ne6 17.Nxe6 Bxe6 18.Nd5 Qd8 19.Bd4 Nd7 20.Bxg7 Kxg7 21.Qd4+ f6 22.Red1 Ne5
23.Rbc1 Bf7 24.a3 b6 25.c5 dxc5 26.bxc5 b5 27.f4 Nc4 28.Nxf6 Qxf6 29.e5 Qe6
30.Bxa8 Rxa8 31.Qc3 Kh7 32.Rd4 Re8 33.Rcd1 Re7 34.Rd8 Be8 35.Rb8 Bd7 36.Kg1 Rg7
37.Rf8 Qxh3 38.e6 Qxe6 39.Re1 Qc6  0-1

[Event "Nis op"]
[Site "Nis"]
[Date "1993.??.??"]
[Round "?"]
[White "Pavlovic, Dragoljub"]
[Black "Bakic, Rados"]
[Result "1/2-1/2"]
[WhiteElo "2335"]
[BlackElo "2400"]

1.d4 Nf6 2.Nf3 g6 3.c4 Bg7 4.g3 O-O 5.Bg2 d6 6.O-O c5 7.b3 Ne4 8.Bb2 Nc6
9.Nbd2 f5 10.e3 Qa5 11.Nxe4 fxe4 12.Ne1 cxd4 13.exd4 d5 14.Nc2 Be6 15.cxd5 Bxd5
16.Re1 Rad8 17.Bxe4 e5 18.Bxd5+ Rxd5 19.b4 Qb6 20.Ne3 Rdd8 21.Qb3+ Kh8 22.Nc4 Nxd4
23.Nxb6 Nxb3 24.axb3 axb6 25.Bxe5 Rd2 26.Bxg7+ Kxg7 27.Re7+ Kh6 28.Rf1 Rf3
29.Rxb7 Rxb3 30.Rxb6 Rdb2 31.Kg2 Rxb4 32.Rxb4 Rxb4 33.Rc1 Kg5 34.Rc6 h5 35.h4+ Kf5
36.Rc3 Kf6 37.Kf3 Rb2 38.Ke3 Ra2 39.f3 Ra4 40.Rd3 Ke5 41.Rb3 Ra5 42.Rb8 Ra3+
43.Kf2 Ra2+ 44.Kg1 Kf6  1/2-1/2

[Event "Nis op"]
[Site "Nis"]
[Date "1993.??.??"]
[Round "?"]
[White "Simic, Dusan"]
[Black "Dena, Branislav"]
[Result "1/2-1/2"]
[WhiteElo "2245"]
[BlackElo "2260"]

1.d4 Nf6 2.Nf3 g6 3.c4 Bg7 4.g3 O-O 5.Bg2 d6 6.O-O Nbd7 7.Nc3 e5 8.e4 c6
9.h3 Re8 10.Re1 Qc7 11.Be3 h6 12.Qd2 Kh7 13.Rad1 a6 14.Qc2 b6 15.dxe5 dxe5
16.b4 Bb7 17.Nd2 Rad8 18.c5 b5 19.Nb3 Nf8 20.Na5 Bc8 21.Ne2 Ne6 22.f4 Nh5
23.Rf1 Nxg3 24.Nxg3 exf4  1/2-1/2

[Event "Nis op"]
[Site "Nis"]
[Date "1993.??.??"]
[Round "?"]
[White "Tregubov, Pavel V"]
[Black "Arsovic, Goran"]
[Result "1-0"]
[WhiteElo "2475"]
[BlackElo "2380"]

1.d4 Nf6 2.Nf3 g6 3.c4 Bg7 4.g3 O-O 5.Bg2 d6 6.O-O Nc6 7.d5 Na5 8.Na3 c5
9.Re1 e5 10.e4 Ne8 11.Bd2 b6 12.Qc1 Bd7 13.b3 Nb7 14.Rb1 Qc8 15.Nc2 Nd8 16.h4 f6
17.h5 g5 18.Nh2 Nf7 19.Ne3 Nh6 20.Rb2 Kh8 21.Nef1 Ng8 22.f4 h6 23.Bf3 Kh7
24.Ne3 Ne7 25.Bc3 Nc7 26.Rf2 Kg8 27.Ref1 Kh8 28.Qd1 Bh3 29.Bg4 Bxg4 30.Nhxg4 Qd7
31.fxe5 fxe5 32.Rxf8+ Rxf8 33.Rxf8+ Bxf8 34.Nxe5 dxe5 35.Bxe5+ Bg7 36.Bxg7+ Kxg7
37.d6 Nc6 38.dxc7 Qxc7 39.Nf5+ Kf6 40.Kh2 Qe5 41.Qf1 Qb2+ 42.Kh3 g4+ 43.Kxg4 Ke6
44.Nxh6 Qf6 45.Qf4  1-0

[Event "Nis op"]
[Site "Nis"]
[Date "1993.??.??"]
[Round "?"]
[White "Vojinovic, Goran"]
[Black "Vukic, Milan"]
[Result "0-1"]
[WhiteElo "2335"]
[BlackElo "2460"]

1.d4 Nf6 2.Nf3 g6 3.c4 Bg7 4.g3 O-O 5.Bg2 d6 6.O-O c6 7.Nc3 Qa5 8.e4 e5 9.h3 Be6
10.Qe2 Re8 11.Be3 exd4 12.Nxd4 Nbd7 13.Nxe6 Rxe6 14.Rfe1 Rae8 15.Qc2 Nc5
16.Bd2 Qc7 17.Rad1 a5 18.g4 Qe7 19.f3 Nfd7 20.f4 Qh4 21.Be3 Bxc3 22.Qxc3 Nxe4
23.Qxa5 Qg3 24.Re2 Nc3 25.Qxc3 Rxe3 26.Rxe3 Rxe3 27.Qd2 Qxf4 28.Qf2 Qe5 29.Qd2 Qc5
30.Qd4 Re1+ 31.Kh2 Rxd1 32.Qxd1 Qe5+ 33.Kh1 Nf8 34.b4 Ne6 35.b5 cxb5 36.cxb5 Qxb5
37.Qxd6 b6 38.a3 Kg7 39.Qd2 Qb3 40.Qd6 Qe3 41.Qe7 Qe1+ 42.Kh2 Qf2 43.h4 h6
44.Kh1 Nf4 45.Be4 Qf1+ 46.Kh2 Qh3+ 47.Kg1 Qxg4+ 48.Kf2 Ne6  0-1

[Event "Nis op"]
[Site "Nis"]
[Date "1993.??.??"]
[Round "?"]
[White "Zafirovski, Mite"]
[Black "Brenjo, Slavisa"]
[Result "0-1"]
[WhiteElo "2305"]
[BlackElo "2425"]

1.d4 Nf6 2.Nf3 g6 3.c4 Bg7 4.g3 O-O 5.Bg2 d6 6.O-O Nc6 7.Nc3 e5 8.d5 Ne7
9.c5 Ne8 10.cxd6 Nxd6 11.a4 c6 12.e4 cxd5 13.exd5 Bg4 14.h3 Bxf3 15.Qxf3 Nef5
16.Be3 Nxe3 17.Qxe3 f5 18.Nb5 e4 19.Nxd6 Qxd6 20.Rfd1 Rf7 21.Rab1 Rc8 22.Rbc1 Rxc1
23.Qxc1 Rc7 24.Qd2 Rc4 25.Bf1 Rb4 26.Rb1 h5 27.b3 Rd4 28.Qe3 Kh7 29.Bc4 Qe5
30.Qe1 h4 31.Qe3 hxg3 32.Qxg3 Qxg3+ 33.fxg3 Be5 34.Kf2 Rd2+ 35.Be2 Rxd5 36.Rd1 Bd4+
37.Kg2 Kg7 38.h4 Rd6 39.Bc4 Kf6 40.Rd2 Ke5 41.Rd1 Rd8 42.Rd2 Rf8 43.Re2 Rf6
44.Kh3 a6 45.Kg2 g5 46.hxg5 Rg6 47.Kf1 Rxg5 48.Rg2 Rh5 49.Rc2 Rg5 50.Rg2 Rg7
51.Ke2 Rh7 52.Ke1 Rh1+ 53.Bf1 Bc3+ 54.Kf2 e3+  0-1

[Event "NLD-chT"]
[Site "?"]
[Date "1993.??.??"]
[Round "6"]
[White "Tolk, Peter"]
[Black "Van de Mortel, Jan"]
[Result "1/2-1/2"]
[WhiteElo "2295"]
[BlackElo "2295"]

1.d4 Nf6 2.c4 g6 3.g3 Bg7 4.Bg2 O-O 5.Nf3 d6 6.O-O c6 7.Nc3 Qa5 8.e4 e5 9.h3 Nbd7
10.Rb1 Qb4 11.Qe2 exd4 12.Nxd4 Ne5 13.f4 Qxc4 14.Rd1 Qxe2 15.Ndxe2 Nc4 16.b3 Nb6
17.Rxd6 Be6 18.Be3 Rfd8 19.Rbd1 Rxd6 20.Rxd6 h5 21.Rd1 Re8 22.Kf2 Bf8 23.Nd4 Bc8
24.a4 Bb4 25.Na2 Bf8 26.a5 Na8 27.e5 Nd5 28.Bxd5 cxd5 29.Nc3 Be6 30.Nde2 Nc7
31.Bxa7 Bxh3 32.Bb6 Rc8 33.Nxd5 Nxd5 34.Rxd5 Rc2 35.Ke3 Bb4 36.Rd4 Be1 37.Rd1 Bb4
38.Nd4 Rc3+ 39.Rd3 Rc1 40.Ne2 Rc2 41.Rd4  1/2-1/2

[Event "NOR-ch"]
[Site "?"]
[Date "1993.??.??"]
[Round "4"]
[White "Groenn, Atle"]
[Black "Elsness, Frode"]
[Result "1-0"]
[WhiteElo "2325"]
[BlackElo "2300"]

1.Nf3 g6 2.d4 Bg7 3.g3 Nf6 4.c4 O-O 5.Bg2 d6 6.O-O Nbd7 7.Nc3 e5 8.e4 exd4
9.Nxd4 Re8 10.h3 a5 11.Re1 Nc5 12.Rb1 a4 13.Ndb5 Bd7 14.Qc2 Bc6 15.Bf4 Nfd7
16.Rbd1 Nb6 17.Nxc7 Qxc7 18.Bxd6 Qc8 19.Bxc5 Nxc4 20.Bd4 Bxd4 21.Rxd4 Qe6
22.Red1 b5 23.b3 axb3 24.axb3 Na3 25.Qb2 Qe5 26.Kh2 Rec8 27.Na2 Qe7 28.Nb4 Bb7
29.R1d2 Qc5 30.Nd5 Bxd5 31.Rxd5 Qb4 32.R5d4 Qa5 33.Rd7 Qb6 34.R2d6 Rc2 35.Qf6 Qxf2
36.Rd8+ Rxd8 37.Rxd8+  1-0

[Event "Odorheiu Secuiesc op"]
[Site "Odorheiu Secuiesc"]
[Date "1993.??.??"]
[Round "1"]
[White "Roizen, Nadejda"]
[Black "Emodi, Gyula"]
[Result "0-1"]
[WhiteElo "2205"]
[BlackElo "2335"]

1.d4 Nf6 2.c4 g6 3.Nf3 Bg7 4.g3 O-O 5.Bg2 d6 6.O-O c6 7.Nc3 Qa5 8.Qc2 Qh5
9.Rd1 Bh3 10.Bh1 Nbd7 11.Ng5 Bf5 12.e4 h6 13.exf5 hxg5 14.Bg2 e5 15.d5 c5
16.Qe2 g4 17.Nb5 Ne8 18.fxg6 Qxg6 19.h3 gxh3 20.Bxh3 f5 21.Qc2 Rf7 22.Kg2 e4
23.Rh1 Ne5 24.Kf1 a6 25.Nc3 Nf6 26.Ne2 Nh5 27.Nf4 Nxf4 28.Bxf4 Nd3 29.Bc1 Bd4
30.Rh2 Kg7 31.Bd2 Rh8 32.Bc3 f4 33.Rg2 Rxh3  0-1

[Event "Odorheiu Secuiesc op"]
[Site "Odorheiu Secuiesc"]
[Date "1993.??.??"]
[Round "3"]
[White "Cosma, Ioan"]
[Black "Dumitrache, Dragos"]
[Result "1/2-1/2"]
[WhiteElo "2365"]
[BlackElo "2385"]

1.d4 Nf6 2.c4 g6 3.Nf3 Bg7 4.g3 O-O 5.Bg2 d6 6.O-O Nbd7 7.Nc3 e5 8.e4 exd4
9.Nxd4 Re8 10.Re1 a6 11.h3 Rb8 12.Be3 Ne5 13.Qe2 c5 14.Nc2 Be6 15.b3 b5 16.cxb5 Qa5
17.Bd2 axb5 18.f4  1/2-1/2